000 00488nam a2200169Ia 4500
005 20250423101335.0
008 250422s9999 xx 000 0 und d
020 _a9780898031706
050 _aHB 501 .M72/
245 4 _aThe morality of capitalism : what your professors won’t tell you
260 _aOttawa
260 _bJameson Books
260 _c2011
300 _a129 p
650 _aCapitalism--Moral and ethical aspects. Economics--Moral and ethical aspects.
942 _cBK
999 _c36021
_d36021